Atoms, molecules, and chemical change / (Record no. 9741)
[ view plain ]
| 000 -LEADER | |
|---|---|
| fixed length control field | 00869cam a22002771 4500 |
| 001 - CONTROL NUMBER | |
| control field | 9741 |
| 003 - CONTROL NUMBER IDENTIFIER | |
| rucl marc code | BD-RjUL |
| 005 - DATE AND TIME OF LATEST TRANSACTION | |
| control field | 20211208234829.0 |
| 008 - FIXED-LENGTH DATA ELEMENTS--GENERAL INFORMATION | |
| fixed length control field | 140121s1960 njua 001 0 eng |
| 035 ## - SYSTEM CONTROL NUMBER | |
| System control number | (BD-RjUL)9786 |
| System control number | (OCoLC)549915 |
| 040 ## - CATALOGING SOURCE | |
| Original cataloging agency | DLC |
| Transcribing agency | ODaWU |
| Modifying agency | BD-RjUL |
| Language of cataloging | eng |
| 041 ## - LANGUAGE CODE | |
| Language code of text/sound track or separate title | eng |
| 082 ## - DEWEY DECIMAL CLASSIFICATION NUMBER | |
| Classification number | 541.2 |
| Author mark and year | GRA 1960 |
| 100 1# - MAIN ENTRY--PERSONAL NAME | |
| Personal name | Grunwald, Ernest |
| Dates associated with a name | 1923-2002. |
| 9 (RLIN) | 30116 |
| 245 10 - TITLE STATEMENT | |
| Title | Atoms, molecules, and chemical change / |
| Statement of responsibility, etc. | Ernest Grunwald [and] Russell H. Johnsen. |
| 260 ## - PUBLICATION, DISTRIBUTION, ETC. (IMPRINT) | |
| Place of publication, distribution, etc. | Englewood Cliffs ; N.J. : |
| Name of publisher, distributor, etc. | Prentice-Hall, |
| Date of publication, distribution, etc. | 1960. |
| 300 ## - PHYSICAL DESCRIPTION | |
| Pagination | xii, 252 p. : |
| Illustrations | illus. ; |
| Size | 21 cm. |
| 504 ## - BIBLIOGRAPHY, ETC. NOTE | |
| Bibliography, etc | Includes index. |
| 650 #0 - SUBJECT ADDED ENTRY--TOPICAL TERM | |
| Topical term or geographic name as entry element | Chemistry, Physical and theoretical. |
| 9 (RLIN) | 30117 |
| 700 1# - ADDED ENTRY--PERSONAL NAME | |
| Personal name | Johnsen, Russell H. |
| Relator term | joint author. |
| 942 ## - ADDED ENTRY ELEMENTS (KOHA) | |
| Source of classification or shelving scheme | Dewey Decimal Classification |
| Koha item type | Books |
| Lost status | Source of classification or shelving scheme | Damaged status | Not for loan | Collection code | Permanent Location | Current Location | Shelving location | Date acquired | Source of acquisition | Cost, normal purchase price | Total Checkouts | Full call number | Date last seen | Copy number | Koha item type |
|---|---|---|---|---|---|---|---|---|---|---|---|---|---|---|---|
| Dewey Decimal Classification | Not For Loan | Non-fiction | Central Library, University of Rajshahi | Central Library, University of Rajshahi | Reading Room | 13/05/2066 | Mirza books agency | 10.50 | 541.2 GRA 1960 | 21/01/2014 | C-1 | Books |